[Event "35th National Team Chess Championship- 2015"]
[Site "Caritas Goa Holiday Home, NR, Caculo Circle, St In"]
[Date "2015.02.24"]
[Round "7"]
[Board "2"]
[White "Deepan, Chakkravarthy J."]
[Black "Bhagwat, Vinod"]
[Result "1-0"]
[WhiteElo "2487"]
[BlackElo "2183"]
[PlyCount "57"]
[EventDate "2015.02.20"]
[EventType "team"]
[EventRounds "9"]
[EventCountry "IND"]
[WhiteTeam "Railways - A"]
[BlackTeam "Chess Is Life, Maharashtra"]

1. e4 c6 2. Nf3 d5 3. Nc3 Bg4 4. h3 Bh5 5. d3 e6 6. Be2 dxe4 7. Nxe4 Be7 8. Bf4
Nf6 9. Ne5 Bxe2 10. Qxe2 O-O 11. O-O Nd5 12. Bh2 Nd7 13. Nc4 b5 14. Ncd2 e5 15.
Nf3 f6 16. c4 Nc7 17. cxb5 cxb5 18. d4 f5 19. Nc3 e4 20. Ne5 Nxe5 21. Bxe5 a6
22. a4 Bd6 23. axb5 Bxe5 24. dxe5 axb5 25. Rxa8 Qxa8 26. Nxb5 Nxb5 27. Qxb5 h6
28. Rd1 Kh8 29. e6 1-0

[Event "35th National Team Chess Championship- 2015"]
[Site "Caritas Goa Holiday Home, NR, Caculo Circle, St In"]
[Date "2015.02.24"]
[Round "7"]
[Board "3"]
[White "Mokal, Amruta Sunil"]
[Black "Thejkumar, M. S."]
[Result "0-1"]
[WhiteElo "2053"]
[BlackElo "2438"]
[PlyCount "104"]
[EventDate "2015.02.20"]
[EventType "team"]
[EventRounds "9"]
[EventCountry "IND"]
[WhiteTeam "Chess Is Life, Maharashtra"]
[BlackTeam "Railways - A"]

1. e4 c6 2. c4 d5 3. exd5 cxd5 4. cxd5 Nf6 5. Nc3 g6 6. Bc4 Bg7 7. d3 O-O 8.
Nf3 b6 9. O-O Bb7 10. Re1 Nxd5 11. Nxd5 Bxd5 12. Bxd5 Qxd5 13. Rxe7 Nc6 14. Re2
Rad8 15. Bg5 Rd7 16. Be3 h6 17. h4 Rfd8 18. d4 Ne7 19. Qa4 Nf5 20. Bf4 b5 21.
Qb4 Qb7 22. Be5 f6 23. Bh2 g5 24. Rae1 g4 25. Qb3+ Qd5 26. Nd2 Nxd4 27. Qxd5+
Rxd5 28. Re8+ Rxe8 29. Rxe8+ Kf7 30. Re1 f5 31. Bb8 Nc6 32. Bf4 Bxb2 33. Bxh6
Bc3 34. Re2 Nd4 35. Re1 Ne6 36. Re2 Rd6 37. Nb3 f4 38. Re4 Kg6 39. Bxf4 Rd1+
40. Kh2 Nxf4 41. Rxf4 Be5 42. Kg3 Rf1 43. f3 gxf3 44. gxf3 Rd1 45. Nc5 a5 46.
Ne6 b4 47. Kf2 Bxf4 48. Nxf4+ Kf5 49. Ke3 Ra1 50. Nd3 Rxa2 51. Kd4 Rc2 52. h5
b3 0-1

[Event "35th National Team Chess Championship- 2015"]
[Site "Caritas Goa Holiday Home, NR, Caculo Circle, St In"]
[Date "2015.02.24"]
[Round "7"]
[Board "4"]
[White "Himanshu, Sharma"]
[Black "Dahale, Atul"]
[Result "1-0"]
[WhiteElo "2425"]
[BlackElo "2034"]
[PlyCount "81"]
[EventDate "2015.02.20"]
[EventType "team"]
[EventRounds "9"]
[EventCountry "IND"]
[WhiteTeam "Railways - A"]
[BlackTeam "Chess Is Life, Maharashtra"]

1. e4 c5 2. Nc3 d6 3. g3 g6 4. d3 Nc6 5. Bg2 Bg7 6. Nge2 e5 7. Nd5 Nge7 8. c3
O-O 9. O-O Nxd5 10. exd5 Ne7 11. a3 b6 12. b4 a5 13. Rb1 Bf5 14. bxc5 bxc5 15.
c4 Rb8 16. Rxb8 Qxb8 17. Nc3 Bd7 18. a4 Nf5 19. Nb5 Nd4 20. Bd2 Qb6 21. Bc3 Ra8
22. Qd2 Bg4 23. Kh1 Bd7 24. Rb1 Bxb5 25. cxb5 Bf6 26. Bh3 Bd8 27. Bd7 Rb8 28.
Kg2 Qa7 29. Bc6 Bb6 30. h4 Kg7 31. h5 h6 32. f4 exf4 33. Qxf4 Qe7 34. Re1 Qf6
35. Qxf6+ Kxf6 36. hxg6 Kxg6 37. Re7 Nf5 38. Rd7 Re8 39. g4 Re2+ 40. Kf3 Re3+
41. Kf4 1-0

[Event "35th National Team Chess Championship- 2015"]
[Site "Caritas Goa Holiday Home, NR, Caculo Circle, St In"]
[Date "2015.02.24"]
[Round "7"]
[Board "1"]
[White "Narayanan, Srinath"]
[Black "Laxman, R.R."]
[Result "1-0"]
[WhiteElo "2456"]
[BlackElo "2377"]
[PlyCount "48"]
[EventDate "2015.02.20"]
[EventType "team"]
[EventRounds "9"]
[EventCountry "IND"]
[WhiteTeam "Air India"]
[BlackTeam "Railways - B"]

1. e4 e5 2. Nf3 Nc6 3. Bb5 Nf6 4. d3 Bc5 5. O-O Nd4 6. Nxd4 Bxd4 7. c3 Bb6 8.
Na3 c6 9. Ba4 d6 10. Bb3 Bg4 11. Qe1 Nh5 12. Nc4 O-O 13. Nxb6 axb6 14. Be3 b5
15. Qd2 Qf6 16. a3 Qg6 17. f4 exf4 18. Bxf4 Nxf4 19. Rxf4 Be6 20. Bc2 f5 21.
Raf1 Rf6 22. R1f3 Raf8 23. d4 fxe4 24. Bxe4 Bf5 1-0

[Event "35th National Team Chess Championship- 2015"]
[Site "Caritas Goa Holiday Home, NR, Caculo Circle, St In"]
[Date "2015.02.24"]
[Round "7"]
[Board "4"]
[White "Palit, Somak"]
[Black "Gokhale, Chandrashekhar"]
[Result "1-0"]
[WhiteElo "2405"]
[BlackElo "2233"]
[PlyCount "83"]
[EventDate "2015.02.20"]
[EventType "team"]
[EventRounds "9"]
[EventCountry "IND"]
[WhiteTeam "Railways - B"]
[BlackTeam "Air India"]

1. e4 e5 2. Nf3 Nc6 3. Bb5 Bc5 4. c3 Nf6 5. d4 Bb6 6. Bg5 h6 7. Bh4 Qe7 8. O-O
g5 9. Bg3 O-O 10. Re1 exd4 11. Nxd4 Nxd4 12. cxd4 Qb4 13. Nc3 d6 14. e5 Bg4 15.
Qc2 Nh5 16. a3 Qxd4 17. Rad1 Bxd1 18. Rxd1 Nxg3 19. Rxd4 Bxd4 20. hxg3 c6 21.
Bd3 Bxe5 22. Qe2 Rfe8 23. Qg4 d5 24. f4 Bg7 25. Ne2 Re3 26. Qf5 Rae8 27. b4 Kf8
28. Kh2 R8e6 29. Ng1 g4 30. Ne2 h5 31. Kg1 Ke7 32. Kf2 Kf8 33. Ke1 Bb2 34. a4
a6 35. Kd2 Bg7 36. Qxh5 Ke8 37. Qxg4 Kf8 38. Qh4 Bf6 39. Qh5 b6 40. f5 R6e5 41.
Qh6+ Ke7 42. Qxe3 1-0

[Event "35th National Team Chess Championship- 2015"]
[Site "Caritas Goa Holiday Home, NR, Caculo Circle, St In"]
[Date "2015.02.25"]
[Round "8"]
[Board "1"]
[White "Bakre, Tejas"]
[Black "Adhiban, B."]
[Result "1/2-1/2"]
[WhiteElo "2457"]
[BlackElo "2630"]
[PlyCount "52"]
[EventDate "2015.02.20"]
[EventType "team"]
[EventRounds "9"]
[EventCountry "IND"]
[WhiteTeam "Air India"]
[BlackTeam "Petroleum Sports Promotion Board"]

1. e4 e5 2. Nf3 Nc6 3. Bb5 a6 4. Bxc6 dxc6 5. O-O Qf6 6. d4 exd4 7. Bg5 Qd6 8.
Nxd4 Bd7 9. Nc3 Ne7 10. Nf3 Qxd1 11. Raxd1 f6 12. Be3 Ng6 13. Ne2 O-O-O 14. Nf4
Re8 15. Nd2 Nxf4 16. Bxf4 g6 17. Rfe1 Bg7 18. c3 a5 19. f3 a4 20. a3 b6 21. Kf2
Rhf8 22. g4 Rf7 23. h4 Bf8 24. Be3 Be6 25. g5 Be7 26. Kg3 Rd8 1/2-1/2

[Event "35th National Team Chess Championship- 2015"]
[Site "Caritas Goa Holiday Home, NR, Caculo Circle, St In"]
[Date "2015.02.25"]
[Round "8"]
[Board "2"]
[White "Gupta, Abhijeet"]
[Black "Satyapragyan, Swayangsu"]
[Result "1-0"]
[WhiteElo "2622"]
[BlackElo "2409"]
[PlyCount "87"]
[EventDate "2015.02.20"]
[EventType "team"]
[EventRounds "9"]
[EventCountry "IND"]
[WhiteTeam "Petroleum Sports Promotion Board"]
[BlackTeam "Air India"]

1. d4 e6 2. c4 Bb4+ 3. Bd2 c5 4. Bxb4 cxb4 5. Nf3 Nf6 6. Qd3 O-O 7. e4 d6 8.
Be2 a5 9. e5 dxe5 10. Nxe5 b6 11. O-O Bb7 12. Nd2 Nc6 13. Ndf3 Qc7 14. Qe3 Rad8
15. Rad1 Nd7 16. Nxc6 Qxc6 17. Bd3 Rfe8 18. Rfe1 Nf6 19. h3 h6 20. b3 Ba8 21.
Qf4 Qb7 22. Qh4 Rd6 23. Bb1 Red8 24. Rd2 R6d7 25. Red1 Rd6 26. Qf4 Nh5 27. Qe5
Nf6 28. Qe3 R6d7 29. Nh4 b5 30. d5 exd5 31. c5 d4 32. Rxd4 Rxd4 33. Rxd4 Rxd4
34. Qxd4 Qd7 35. Nf5 Bd5 36. Nxh6+ Kf8 37. Nf5 Qe6 38. Ne3 Bc6 39. Bd3 g6 40.
Qd8+ Kg7 41. Qxa5 Qd7 42. Bf1 Qd2 43. Qc7 Ne4 44. Ng4 1-0

[Event "35th National Team Chess Championship- 2015"]
[Site "Caritas Goa Holiday Home, NR, Caculo Circle, St In"]
[Date "2015.02.25"]
[Round "8"]
[Board "3"]
[White "Gokhale, Chandrashekhar"]
[Black "Vidit, Santosh Gujrathi"]
[Result "0-1"]
[WhiteElo "2233"]
[BlackElo "2617"]
[PlyCount "78"]
[EventDate "2015.02.20"]
[EventType "team"]
[EventRounds "9"]
[EventCountry "IND"]
[WhiteTeam "Air India"]
[BlackTeam "Petroleum Sports Promotion Board"]

1. Nf3 c5 2. g3 Nc6 3. Bg2 g6 4. O-O Bg7 5. d3 d5 6. Nbd2 Nf6 7. e4 O-O 8. Re1
Qc7 9. c3 e5 10. exd5 Nxd5 11. Nc4 Rd8 12. a4 Nb6 13. Qe2 Nxc4 14. dxc4 h6 15.
Be3 Be6 16. Nd2 Nd4 17. cxd4 cxd4 18. Nf1 dxe3 19. Nxe3 Rd4 20. b3 e4 21. Nd5
Bxd5 22. cxd5 f5 23. Rad1 Rd8 24. Rxd4 Bxd4 25. Bf1 Kg7 26. Qc4 Qe5 27. Rd1
Rxd5 28. Kg2 f4 29. Kh1 f3 30. Qc8 Qe7 31. Rc1 Bb6 32. Qc4 Rc5 33. Qd4+ Re5 34.
Qb2 Qf6 35. Rc8 Re6 36. Qd2 Rd6 37. Qc2 Qd4 38. a5 Qxf2 39. Qc3+ Rf6 0-1

[Event "35th National Team Chess Championship- 2015"]
[Site "Caritas Goa Holiday Home, NR, Caculo Circle, St In"]
[Date "2015.02.25"]
[Round "8"]
[Board "4"]
[White "Ganguly, Surya Shekhar"]
[Black "Shetty, Rahul"]
[Result "1-0"]
[WhiteElo "2595"]
[BlackElo "2194"]
[PlyCount "45"]
[EventDate "2015.02.20"]
[EventType "team"]
[EventRounds "9"]
[EventCountry "IND"]
[WhiteTeam "Petroleum Sports Promotion Board"]
[BlackTeam "Air India"]

1. e4 c5 2. Nf3 d6 3. d4 cxd4 4. Nxd4 Nf6 5. Nc3 e6 6. Be2 a6 7. O-O Be7 8. f4
Qc7 9. Be3 b5 10. Bf3 Bb7 11. e5 dxe5 12. Bxb7 Qxb7 13. fxe5 Nd5 14. Qf3 O-O
15. Nf5 Kh8 16. Nxd5 exd5 17. Qg4 Rg8 18. Rf3 Nd7 19. Qh5 Rae8 20. Rh3 Nf8 21.
Qxf7 Qd7 22. Kh1 Bb4 23. Rxh7+ 1-0

[Event "35th National Team Chess Championship- 2015"]
[Site "Caritas Goa Holiday Home, NR, Caculo Circle, St In"]
[Date "2015.02.25"]
[Round "8"]
[Board "1"]
[White "Karthikeyan, P."]
[Black "Visakh, Nr"]
[Result "1/2-1/2"]
[WhiteElo "2442"]
[BlackElo "2375"]
[PlyCount "40"]
[EventDate "2015.02.20"]
[EventType "team"]
[EventRounds "9"]
[EventCountry "IND"]
[WhiteTeam "Railways - A"]
[BlackTeam "Airport Authority of India"]

1. d4 Nf6 2. c4 e6 3. Nf3 Bb4+ 4. Nbd2 O-O 5. e3 b6 6. Bd3 Bb7 7. O-O d5 8. a3
Be7 9. Qc2 Nbd7 10. b4 c5 11. dxc5 bxc5 12. b5 a6 13. bxa6 Bxa6 14. e4 dxc4 15.
Nxc4 Qc7 16. Bg5 Bxc4 17. Bxc4 Ne5 18. Nxe5 Qxe5 19. f4 Qd4+ 20. Kh1 Ra7
 1/2-1/2

[Event "35th National Team Chess Championship- 2015"]
[Site "Caritas Goa Holiday Home, NR, Caculo Circle, St In"]
[Date "2015.02.25"]
[Round "8"]
[Board "2"]
[White "Nitin, S."]
[Black "Deepan, Chakkravarthy J."]
[Result "1/2-1/2"]
[WhiteElo "2357"]
[BlackElo "2487"]
[PlyCount "21"]
[EventDate "2015.02.20"]
[EventType "team"]
[EventRounds "9"]
[EventCountry "IND"]
[WhiteTeam "Airport Authority of India"]
[BlackTeam "Railways - A"]

1. e4 c5 2. Nf3 e6 3. d4 cxd4 4. Nxd4 a6 5. Bd3 Nf6 6. O-O d6 7. c4 Be7 8. Nc3
O-O 9. Be3 Re8 10. a4 Nc6 11. Nc2 1/2-1/2

[Event "35th National Team Chess Championship- 2015"]
[Site "Caritas Goa Holiday Home, NR, Caculo Circle, St In"]
[Date "2015.02.25"]
[Round "8"]
[Board "3"]
[White "Das, Arghyadip"]
[Black "Swayams, Mishra"]
[Result "1/2-1/2"]
[WhiteElo "2476"]
[BlackElo "2481"]
[PlyCount "56"]
[EventDate "2015.02.20"]
[EventType "team"]
[EventRounds "9"]
[EventCountry "IND"]
[WhiteTeam "Railways - A"]
[BlackTeam "Airport Authority of India"]

1. e4 e5 2. Nf3 Nc6 3. Bb5 a6 4. Ba4 Nf6 5. O-O Be7 6. Re1 b5 7. Bb3 O-O 8. c3
d6 9. h3 Nb8 10. d4 Nbd7 11. Nbd2 Bb7 12. Bc2 Re8 13. Nf1 Bf8 14. Ng3 g6 15. a4
c5 16. d5 c4 17. Bg5 h6 18. Be3 Qc7 19. Qd2 Kh7 20. Ra3 Nc5 21. Rea1 Reb8 22.
Qe2 Bg7 23. Nd2 Nfd7 24. Qf1 Nb6 25. axb5 axb5 26. Rxa8 Bxa8 27. Ne2 Bb7 28.
Ra2 Bc8 1/2-1/2

[Event "35th National Team Chess Championship- 2015"]
[Site "Caritas Goa Holiday Home, NR, Caculo Circle, St In"]
[Date "2015.02.25"]
[Round "8"]
[Board "4"]
[White "Stany, G.A."]
[Black "Thejkumar, M. S."]
[Result "1/2-1/2"]
[WhiteElo "2381"]
[BlackElo "2438"]
[PlyCount "34"]
[EventDate "2015.02.20"]
[EventType "team"]
[EventRounds "9"]
[EventCountry "IND"]
[WhiteTeam "Airport Authority of India"]
[BlackTeam "Railways - A"]

1. b3 d5 2. Bb2 c5 3. e3 Nf6 4. Nf3 g6 5. c4 dxc4 6. Bxc4 Bg7 7. O-O O-O 8. Be2
Nc6 9. d3 b6 10. a3 Bb7 11. Nbd2 Re8 12. Rc1 e5 13. Qc2 Nd5 14. Rfd1 Qe7 15.
Qb1 Rad8 16. Nc4 f5 17. Bf1 f4 1/2-1/2

[Event "35th National Team Chess Championship- 2015"]
[Site "Caritas Goa Holiday Home, NR, Caculo Circle, St In"]
[Date "2015.02.25"]
[Round "8"]
[Board "1"]
[White "Sahu, Sekhar Chandra"]
[Black "Laxman, R.R."]
[Result "0-1"]
[WhiteElo "2186"]
[BlackElo "2377"]
[PlyCount "142"]
[EventDate "2015.02.20"]
[EventType "team"]
[EventRounds "9"]
[EventCountry "IND"]
[WhiteTeam "All India Chess Federation"]
[BlackTeam "Railways - B"]

1. e4 e5 2. Nc3 Nf6 3. g3 Nc6 4. Bg2 Bc5 5. Nge2 a6 6. d3 d6 7. O-O Be6 8. Nd5
h6 9. c3 Ba7 10. d4 exd4 11. cxd4 Bxd5 12. exd5 Ne7 13. Qa4+ Qd7 14. Qxd7+ Kxd7
15. Nc3 Bxd4 16. Rd1 Ba7 17. Bh3+ Ke8 18. Re1 Kf8 19. Be3 Bxe3 20. Rxe3 Nexd5
21. Nxd5 Nxd5 22. Rb3 Rb8 23. Rc1 c5 24. Rd3 Nf6 25. Rxd6 b6 26. Rc6 h5 27. Rd1
Rh6 28. Rc7 Ne4 29. Bg2 Rd6 30. Rxd6 Nxd6 31. Bd5 Rd8 32. a4 a5 33. h4 g6 34.
b3 f6 35. Kg2 Nf5 36. Bc4 Rd6 37. Rf7+ Ke8 38. Rh7 Ne7 39. Bf7+ Kf8 40. Bc4 Nc6
41. Rf7+ Ke8 42. Rb7 Ne5 43. Bb5+ Kf8 44. Kf1 Nf3 45. Bc4 Nd2+ 46. Ke2 Nxc4 47.
bxc4 Ke8 48. Ke3 Kd8 49. Ke2 g5 50. hxg5 fxg5 51. Rg7 g4 52. Rg8+ Kc7 53. Rg7+
Kc6 54. Rh7 Rd4 55. Rh6+ Kb7 56. Rh7+ Ka6 57. Rxh5 Rxc4 58. f4 gxf3+ 59. Kxf3
Rxa4 60. g4 Ra3+ 61. Kf4 Ra4+ 62. Kf5 Ra1 63. g5 Rf1+ 64. Ke5 Rg1 65. Kf6 c4
66. Rh7 Kb5 67. g6 c3 68. Rh2 Kb4 69. g7 b5 70. Rh1 Rxg7 71. Kxg7 c2 0-1

[Event "35th National Team Chess Championship- 2015"]
[Site "Caritas Goa Holiday Home, NR, Caculo Circle, St In"]
[Date "2015.02.25"]
[Round "8"]
[Board "2"]
[White "Swapnil, S. Dhopade"]
[Black "Hariharan, Venkatachalam"]
[Result "1-0"]
[WhiteElo "2438"]
[BlackElo "2116"]
[PlyCount "47"]
[EventDate "2015.02.20"]
[EventType "team"]
[EventRounds "9"]
[EventCountry "IND"]
[WhiteTeam "Railways - B"]
[BlackTeam "All India Chess Federation"]

1. d4 d5 2. c4 e6 3. Nf3 Nf6 4. Nc3 Be7 5. Bf4 O-O 6. e3 c5 7. dxc5 Bxc5 8. Qc2
Nc6 9. a3 dxc4 10. Bxc4 Qe7 11. Bg5 h6 12. Bh4 a6 13. Ba2 Qc7 14. Bb1 Re8 15.
Bxf6 gxf6 16. Qh7+ Kf8 17. Qxh6+ Ke7 18. Ne4 Qa5+ 19. Nfd2 f5 20. Qf6+ Kf8 21.
b4 Bxb4 22. axb4 Qxb4 23. Ng5 Nd8 24. Nh7+ 1-0

[Event "35th National Team Chess Championship- 2015"]
[Site "Caritas Goa Holiday Home, NR, Caculo Circle, St In"]
[Date "2015.02.25"]
[Round "8"]
[Board "3"]
[White "Dongre, Ravindra Murlidhar"]
[Black "Akshat, Khamparia"]
[Result "0-1"]
[WhiteElo "2103"]
[BlackElo "2415"]
[PlyCount "62"]
[EventDate "2015.02.20"]
[EventType "team"]
[EventRounds "9"]
[EventCountry "IND"]
[WhiteTeam "All India Chess Federation"]
[BlackTeam "Railways - B"]

1. e4 c5 2. Nf3 g6 3. d4 cxd4 4. Nxd4 Bg7 5. f4 Nc6 6. Be3 Nf6 7. Nc3 d6 8. Be2
O-O 9. O-O Bd7 10. Kh1 a6 11. Bf3 Na5 12. b3 Rc8 13. Qd2 b5 14. a3 Qc7 15. Nd5
Nxd5 16. exd5 Qc3 17. Rad1 Qxd2 18. Rxd2 Rc3 19. Bg1 Rfc8 20. Be4 Rb8 21. Rf3
Rc7 22. h3 f5 23. Bd3 Rc5 24. Ne2 Rxd5 25. Bc4 Nxc4 26. Rxd5 Nxa3 27. Rd2 Bc6
28. Rf1 b4 29. Bd4 Bh6 30. Bb2 e5 31. Rxd6 Bb5 0-1

[Event "35th National Team Chess Championship- 2015"]
[Site "Caritas Goa Holiday Home, NR, Caculo Circle, St In"]
[Date "2015.02.25"]
[Round "8"]
[Board "4"]
[White "Palit, Somak"]
[Black "Kapil, Saxena"]
[Result "1-0"]
[WhiteElo "2405"]
[BlackElo "1959"]
[PlyCount "77"]
[EventDate "2015.02.20"]
[EventType "team"]
[EventRounds "9"]
[EventCountry "IND"]
[WhiteTeam "Railways - B"]
[BlackTeam "All India Chess Federation"]

1. e4 c5 2. Nf3 d6 3. Bc4 e6 4. O-O Nf6 5. Re1 Nbd7 6. d3 Be7 7. Bb3 b5 8. a4
b4 9. a5 Bb7 10. Nbd2 O-O 11. Nf1 Qc7 12. Ng3 Rac8 13. c3 d5 14. e5 Ne8 15.
cxb4 c4 16. Bc2 Bxb4 17. Bd2 c3 18. bxc3 Bxa5 19. d4 Bxc3 20. Bxh7+ Kxh7 21.
Rc1 Qa5 22. Qc2+ g6 23. Bxc3 Qd8 24. Qd2 Ng7 25. Ng5+ Kg8 26. Ba5 Nb6 27. Bb4
Nd7 28. Rxc8 Bxc8 29. Bxf8 Nxf8 30. Qf4 a5 31. Nxf7 Qe7 32. Nh6+ Kh7 33. Ng4 g5
34. Nf6+ Kg6 35. Qf3 Qb4 36. Qd3+ Nf5 37. Rc1 Bb7 38. Nxf5 exf5 39. Qh3 1-0

[Event "35th National Team Chess Championship- 2015"]
[Site "Caritas Goa Holiday Home, NR, Caculo Circle, St In"]
[Date "2015.02.26"]
[Round "9"]
[Board "1"]
[White "Patil, Pratik"]
[Black "Adhiban, B."]
[Result "0-1"]
[WhiteElo "2140"]
[BlackElo "2630"]
[PlyCount "60"]
[EventDate "2015.02.20"]
[EventType "team"]
[EventRounds "9"]
[EventCountry "IND"]
[WhiteTeam "MCA Senior, Maharashtra"]
[BlackTeam "Petroleum Sports Promotion Board"]

1. e4 c5 2. c3 Nf6 3. e5 Nd5 4. d4 cxd4 5. Nf3 e6 6. cxd4 d6 7. Bc4 Be7 8. O-O
O-O 9. Qe2 b6 10. Nc3 Nxc3 11. bxc3 Bb7 12. Bd3 Nd7 13. Re1 Rc8 14. exd6 Bxd6
15. Bb2 Qc7 16. c4 Bxf3 17. Qxf3 Bxh2+ 18. Kh1 Bd6 19. Re4 Be7 20. Qh3 g6 21.
d5 Bf6 22. dxe6 Bxb2 23. exd7 Bxa1 24. dxc8=R Rxc8 25. Re7 Qxe7 26. Qxc8+ Kg7
27. g3 Qe1+ 28. Kg2 Bd4 29. Qg4 Qxf2+ 30. Kh3 Be5 0-1

[Event "35th National Team Chess Championship- 2015"]
[Site "Caritas Goa Holiday Home, NR, Caculo Circle, St In"]
[Date "2015.02.26"]
[Round "9"]
[Board "2"]
[White "Gupta, Abhijeet"]
[Black "Dodeja, Pawan"]
[Result "1-0"]
[WhiteElo "2622"]
[BlackElo "2179"]
[PlyCount "131"]
[EventDate "2015.02.20"]
[EventType "team"]
[EventRounds "9"]
[EventCountry "IND"]
[WhiteTeam "Petroleum Sports Promotion Board"]
[BlackTeam "MCA Senior, Maharashtra"]

1. d4 Nf6 2. c4 e6 3. g3 Bb4+ 4. Nd2 O-O 5. Bg2 d5 6. Ngf3 c5 7. O-O Nc6 8.
cxd5 exd5 9. dxc5 Bxc5 10. Nb3 Bb6 11. Nbd4 Re8 12. b3 Ne4 13. Bb2 Qf6 14. Rb1
Qh6 15. Rc1 Bd7 16. a3 Rac8 17. Rc2 a6 18. Qc1 Qg6 19. Nxc6 Bxc6 20. Bd4 Bc7
21. Qb2 f6 22. Rfc1 Bd6 23. b4 Ra8 24. Qb3 Qf7 25. a4 Bd7 26. Ne1 Rac8 27. Rxc8
Rxc8 28. Rxc8+ Bxc8 29. Nd3 Be6 30. Bc5 Bc7 31. b5 axb5 32. Qxb5 Be5 33. Qb6 h5
34. Bd4 Bxd4 35. Qxd4 Qc7 36. Bxe4 dxe4 37. Qxe4 Bf7 38. h4 Qc2 39. a5 Qb1+ 40.
Kh2 Qa2 41. Qxb7 Qxa5 42. Nf4 Qf5 43. Qb8+ Kh7 44. Qc7 Kg8 45. Qd8+ Kh7 46. Qd3
Qxd3 47. exd3 g5 48. Ng2 Bg6 49. d4 Kg7 50. Ne3 Kf7 51. Kg2 Be4+ 52. f3 Bb7 53.
Kf2 Ke6 54. Ke2 Ba6+ 55. Kd2 Bb7 56. f4 g4 57. Kc3 Kd6 58. Kd3 Ke6 59. Kc4 Kd6
60. d5 Bc8 61. Kd4 Ba6 62. Nf5+ Kd7 63. Ng7 Ke7 64. Nxh5 Kf7 65. f5 Bc8 66. Ke4
 1-0

[Event "35th National Team Chess Championship- 2015"]
[Site "Caritas Goa Holiday Home, NR, Caculo Circle, St In"]
[Date "2015.02.26"]
[Round "9"]
[Board "3"]
[White "Pranav, Shetty"]
[Black "Ganguly, Surya Shekhar"]
[Result "0-1"]
[WhiteElo "2211"]
[BlackElo "2595"]
[PlyCount "88"]
[EventDate "2015.02.20"]
[EventType "team"]
[EventRounds "9"]
[EventCountry "IND"]
[WhiteTeam "MCA Senior, Maharashtra"]
[BlackTeam "Petroleum Sports Promotion Board"]

1. e4 e6 2. d4 d5 3. Nc3 Bb4 4. e5 c5 5. a3 Bxc3+ 6. bxc3 Ne7 7. h4 Qa5 8. Bd2
Nbc6 9. h5 h6 10. Qg4 Nf5 11. Bd3 Nce7 12. Nf3 Qa4 13. Ra2 Bd7 14. Nh4 Rg8 15.
Qf4 c4 16. Be2 O-O-O 17. Nf3 Nc6 18. g4 Nfe7 19. Nh4 Rdf8 20. Qh2 Rh8 21. f4 g6
22. Nf3 Be8 23. hxg6 fxg6 24. Qg2 Qb5 25. Kf2 Qa4 26. Rh2 Nd8 27. Qh1 Nf7 28.
Kg2 Kb8 29. Rh3 Ka8 30. Qb1 h5 31. Ng5 Nxg5 32. fxg5 hxg4 33. Bxg4 Nf5 34. Bxf5
gxf5 35. Qh1 Rxh3 36. Qxh3 Bg6 37. Bf4 a6 38. Qh6 Rg8 39. Qh1 Qe8 40. Ra1 Rh8
41. Qe1 Rh7 42. Qg3 Qh8 43. Rg1 Rh4 44. Kf1 Qh5 0-1

[Event "35th National Team Chess Championship- 2015"]
[Site "Caritas Goa Holiday Home, NR, Caculo Circle, St In"]
[Date "2015.02.26"]
[Round "9"]
[Board "4"]
[White "Karthikeyan, Murali"]
[Black "Snehal, Bhosale"]
[Result "1-0"]
[WhiteElo "2505"]
[BlackElo "2082"]
[PlyCount "65"]
[EventDate "2015.02.20"]
[EventType "team"]
[EventRounds "9"]
[EventCountry "IND"]
[WhiteTeam "Petroleum Sports Promotion Board"]
[BlackTeam "MCA Senior, Maharashtra"]

1. e4 e5 2. Nf3 Nc6 3. Bb5 f5 4. Nc3 fxe4 5. Nxe4 Nf6 6. Qe2 d5 7. Nxf6+ gxf6
8. O-O Bg7 9. Nd4 O-O 10. Nxc6 bxc6 11. Bxc6 Rb8 12. c4 Be6 13. d4 e4 14. Bf4
f5 15. cxd5 Bxd5 16. Rac1 Bxc6 17. Rxc6 Qxd4 18. b3 Rbd8 19. Rxc7 Be5 20. Bxe5
Qxe5 21. Rxa7 f4 22. Qg4+ Kh8 23. Qh3 h5 24. Ra6 Rf5 25. b4 e3 26. fxe3 f3 27.
gxf3 Rg8+ 28. Kh1 Rfg5 29. Rh6+ Kg7 30. f4 Qe4+ 31. Qf3 Qxf3+ 32. Rxf3 Rd5 33.
Rg3+ 1-0

[Event "35th National Team Chess Championship- 2015"]
[Site "Caritas Goa Holiday Home, NR, Caculo Circle, St In"]
[Date "2015.02.26"]
[Round "9"]
[Board "1"]
[White "Laxman, R.R."]
[Black "Karthikeyan, P."]
[Result "1/2-1/2"]
[WhiteElo "2377"]
[BlackElo "2442"]
[PlyCount "48"]
[EventDate "2015.02.20"]
[EventType "team"]
[EventRounds "9"]
[EventCountry "IND"]
[WhiteTeam "Railways - B"]
[BlackTeam "Railways - A"]

1. d4 Nf6 2. c4 e6 3. Nf3 d5 4. g3 dxc4 5. Bg2 c5 6. O-O Nc6 7. Qa4 Bd7 8. Qxc4
b5 9. Qd3 c4 10. Qc2 Rc8 11. Bg5 Be7 12. Nc3 Nb4 13. Qd2 Nbd5 14. Ne5 O-O 15.
e4 Nb6 16. Nxd7 Qxd7 17. a3 h6 18. Be3 Ng4 19. Bh3 Nxe3 20. fxe3 Rcd8 21. Qe2
a5 22. e5 b4 23. axb4 axb4 24. Ne4 Nd5 1/2-1/2

[Event "35th National Team Chess Championship- 2015"]
[Site "Caritas Goa Holiday Home, NR, Caculo Circle, St In"]
[Date "2015.02.26"]
[Round "9"]
[Board "2"]
[White "Deepan, Chakkravarthy J."]
[Black "Swapnil, S. Dhopade"]
[Result "1/2-1/2"]
[WhiteElo "2487"]
[BlackElo "2438"]
[PlyCount "44"]
[EventDate "2015.02.20"]
[EventType "team"]
[EventRounds "9"]
[EventCountry "IND"]
[WhiteTeam "Railways - A"]
[BlackTeam "Railways - B"]

1. Nf3 Nf6 2. g3 d5 3. Bg2 c6 4. O-O Bg4 5. b3 Nbd7 6. Bb2 e6 7. d3 Bd6 8. Nbd2
O-O 9. h3 Bh5 10. c4 a5 11. a3 e5 12. g4 Bg6 13. Nh4 Re8 14. Nxg6 hxg6 15. Qc2
d4 16. e3 Bc5 17. Rfe1 Qb6 18. Nf1 Nf8 19. Rab1 Ne6 20. Kh1 Rad8 21. Bc1 Rd7
22. b4 axb4 1/2-1/2